| 000 | 00440nam a22001697a 4500 | ||
|---|---|---|---|
| 999 |
_c3770 _d3770 |
||
| 003 | OSt | ||
| 005 | 20181122154847.0 | ||
| 008 | 181122b ||||| |||| 00| 0 eng d | ||
| 040 | _cDLC | ||
| 082 |
_a253 _bM216M |
||
| 100 | _aMahoney, Ralph. | ||
| 245 |
_aThe Making of A Leader; _cRalph Mahoney. |
||
| 260 |
_aBurbank; _bWorld Missionary Assistance Plan/ _cc1985. |
||
| 300 | _a218 p.: | ||
| 650 | _yChristian leadership. | ||
| 942 |
_2ddc _cBK |
||